ბათუმის შოთა რუსთაველის სახელმწიფო უნივერსიტეტის ბიბლიოთეკა

ჩანაწერი Personal Name

ჩანაწერთა რაოდენობა, რომელიც გამოყენებულია: 2

001 - CONTROL NUMBER

  • control field: 13633

003 - CONTROL NUMBER IDENTIFIER

  • control field: GE_BSU

005 - DATE AND TIME OF LATEST TRANSACTION

  • control field: 20220405120444.0

008 - FIXED-LENGTH DATA ELEMENTS

  • fixed length control field: 220405|| aca||aabn | a|a d

040 ## - CATALOGING SOURCE

  • Original cataloging agency: GE_BSU
  • Transcribing agency: GE_BSU

100 ## - HEADING--PERSONAL NAME

  • Personal name: ნათბრაუნი, ქესი

670 ## - SOURCE DATA FOUND

  • Source citation: Work cat.: (GE_BSU): ნათბრაუნი, ქესი, ადრეული განათლება :